000
00238nam a22000857a 4500
008
161215b xxu||||| |||| 00| 0 eng d
100
_9
2072
_a
Garg , P.K
245
_a
Practice exccercise in mathematics part - 5
260
_a
NEW DELHI
_b
NCERT
_c
2007
999
_c
4945
_d
4945